|
|
|
|
| LEADER |
00000nam a2200000 a 4500 |
| 001 |
vtls001468070 |
| 003 |
SK-MaSNL |
| 005 |
20260301121913.0 |
| 008 |
160430s1903 xo g 0000d slo |
| 015 |
|
|
|a SNBA1903
|
| 035 |
|
|
|a SNK000423375
|
| 040 |
|
|
|a SNK
|b slo
|c SNK
|e AACR2
|
| 041 |
1 |
|
|a slo
|h ger
|
| 044 |
|
|
|a xo
|c SK
|
| 072 |
|
7 |
|a 821.112.2-2
|x Nemecká dráma, nemecky písaná
|2 konspekt
|
| 080 |
|
|
|a 821.112.2-2
|2 MDT-MRF
|
| 080 |
|
|
|a (0:82-2)
|2 MDT-MRF
|
| 100 |
1 |
|
|a Benedix, Roderich,
|d 1811-1873
|4 aut
|9 63507
|
| 245 |
1 |
0 |
|a Strýko
|b veselohra v 3 dejstvách
|c od R. Benedixa ; preložil V. Podolský. Testiná do domu - spokojnosť z domu : veselohra v 1 dejstve ; od S. ; preložil A. Halaša
|
| 250 |
|
|
|a 2. vyd.
|
| 260 |
|
|
|a Turčiansky Sv. Martin
|b Tlačou a nákladom Kníhtlačiarsko-účastinárskeho spolku
|c 1903
|
| 300 |
|
|
|a 100 s.
|c 17 cm
|
| 490 |
1 |
|
|a Slovenský divadelný ochotník ;
|v sv. 7
|
| 500 |
|
|
|a Dokument obsahuje 2 diela od rôznych autorov. Prvý titul preložený z nemčiny. Druhý titul je pravdepodobne preložený z ruštiny
|
| 655 |
|
7 |
|a divadelné hry
|2 SNKPH
|9 70577
|
| 655 |
|
7 |
|a nemecké drámy
|2 SNKPH
|9 79399
|
| 700 |
1 |
|
|a Podolský, V.,
|d 1826-1877
|4 trl
|9 183261
|
| 700 |
1 |
|
|a Halaša, Andrej,
|d 1852-1913
|4 trl
|9 40197
|
| 700 |
0 |
2 |
|a S.
|t Testiná do domu - spokojnosť z domu
|9 384980
|
| 752 |
|
|
|a Slovensko
|d Martin
|
| 830 |
|
0 |
|a Slovenský divadelný ochotník
|9 289463
|
| 958 |
|
|
|a LX
|
| 958 |
|
|
|a UP
|
| 999 |
|
|
|c 730992
|d 732922
|
| 952 |
|
|
|t P60, <03>, [BOOK], {603}, -K-
|a SNK
|b SNK
|y PREZ
|7 0
|p 17A0412351
|o snkSD 73603
|i snkD 78/2004
|8 1
|0 0
|1 0
|4 0
|d 2004-02-09
|l 0
|r 2025-11-20 00:00:00
|w 2026-02-23
|
| 952 |
|
|
|a SNKLM
|b SNKLM
|y NEVYP
|7 0
|o snklmMK 4826
|8 3
|0 0
|1 0
|4 0
|d 2006-09-07
|l 0
|r 2026-02-23 22:28:34
|w 2026-02-23
|